Co można projektować zawodowo? - Statystyki

Ogólne statystyki
  • Ten quiz został rozwiązany 8 razy
  • Średni wynik to 2 z 5
Statystyki odpowiedzi
Odpowiedź % Poprawnych
Ubrania
86%
Wnętrza
71%
Budowle
29%
Pojazdy
29%
Strony internetowe
14%
Nie znaleziono quizów pasujących do podanych kryteriów
Rozkład punktacji
Procent ludzi z każdym wynikiem
Percentyl według liczby udzielonych odpowiedzi
Twoja historia wyników
Nie rozwiązałeś tego quizu